000 00704cam a2200193 4500
005 20250912121427.0
008 250709b ag |||||||| |||| 00| 0 spa d
020 _a9502005285
050 0 4 _aKHA5510
_bF66 1989
100 1 _aFontan Balestra, Carlos
245 0 _aDerecho penal
_b : parte especial
_c/ Carlos Fontan Balestra ; edición puesta al día sobre la base del tratado de derecho penal actualizado por Guillermo A. C. Ledesma.
250 _a12 edición
260 _aBuenos Aires :
_bAbeledo-Perrot,
_c1989
300 _a1058 p. ;
_c24 cm.
650 4 _aDerecho penal
_zArgentina
650 7 _2lemb
_aDelitos
_xArgentina
700 1 _aLedesma , Guillermo, A.C.,
_eeditor
942 _2lcc
_cLIB
999 _c133793
_d133793